Ayudar con una esperanza: análisis económico, político y teológico de la situación mexicana de septiembre de 1985 a aeptiembre de 1986 /

Se incluyen en este texto tres ensayos: El primero evalúa el Programa Inmediato de Reordenación Económica (PIRE) y el Programa de Aliento y Crecimiento (PAC). El segundo analiza las consecuencias de esa política económica en la subordinación del proyecto político al programa económico. El tercero mu...

Cur síos iomlán

Sábháilte in:
Sonraí bibleagrafaíochta
Príomhchruthaitheoir: Ross, Susana (autor)
Rannpháirtithe: Pliego Carrasco, Fernando (autor) (autor), Vergara Aceves, Jesús (autor) (autor)
Formáid: LEABHAR
Teanga:Spáinnis
Foilsithe / Cruthaithe: Guadalajara, México : ITESO, 1986
Ábhair:
Clibeanna: Cuir clib leis
Níl clibeanna ann, Bí ar an gcéad duine le clib a chur leis an taifead seo!

MARC

LEADER 00000nam^a2200000^a^4500
001 000022669
005 20250521000000.0
009 20260310084505.786
037 |a Acervo ITESO - Biblioteca 
041 |a ESP 
082 |a 320. 9720638  |b ROS 
100 |a Ross, Susana  |e (autor) 
245 1 0 |a Ayudar con una esperanza: análisis económico, político y teológico de la situación mexicana de septiembre de 1985 a aeptiembre de 1986 /  |c S. Ross, F. Pliego Carrasco, J. Vergara Aceves. 
264 1 |a Guadalajara, México :  |b ITESO,  |c 1986 
300 |a 36 p. 
336 |a texto  |b txt  |2 rdacontenido 
337 |a sin mediación  |b n  |2 rdamedio 
338 |a volumen  |b nc  |2 rdasoporte 
520 |a Se incluyen en este texto tres ensayos: El primero evalúa el Programa Inmediato de Reordenación Económica (PIRE) y el Programa de Aliento y Crecimiento (PAC). El segundo analiza las consecuencias de esa política económica en la subordinación del proyecto político al programa económico. El tercero muestra cómo la profundidad de la crisis afecta a la Iglesia en una opción de solidaridad con los que más sufren la crisis. 
649 |a XX 
650 |a Iglesia y Problemas Sociales -  |z México 
650 |a Programas Gubernamentales Institucionalizados -  |z México -  |x Evaluación 
650 |a Elecciones -  |z México 
650 |a Crisis Económica -  |z México 
650 |a Política Económica -  |z México 
650 |a Economía -  |z México 
700 |a Pliego Carrasco, Fernando  |e (autor) 
700 |a Vergara Aceves, Jesús  |e (autor) 
910 |a Fondo General 
920 |a Impresos - Libros 
930 |a Colección General 
905 |a 101 
901 |a 0500013467  |b IT1  |c ACC  |u 20250521 
902 |a https://opac.biblio.iteso.mx/vufind/Record/000022669